|
|
|
|
| LEADER |
01025nam a2200301 a 4500 |
| 001 |
234 |
| 003 |
BD-DhAAL |
| 005 |
20150429100445.0 |
| 008 |
150429s1994 ilua b 001 0 eng |
| 010 |
|
|
|a 93041425
|
| 020 |
|
|
|a 0256111715
|
| 020 |
|
|
|a 0256164185 (international ed.)
|
| 040 |
|
|
|a DLC
|c DLC
|d DLC
|d BD-DhAAL
|
| 050 |
0 |
0 |
|a HB172
|b .K37 1994
|
| 082 |
0 |
0 |
|a 338.5
|2 20
|
| 100 |
1 |
|
|a Katz, Michael L.
|9 10841
|
| 245 |
1 |
0 |
|a Microeconomics /
|c Michael L. Katz, Harvey S. Rosen.
|
| 250 |
|
|
|a 2nd ed.
|
| 260 |
|
|
|a Burr Ridge, Ill. :
|b Irwin,
|c c1994.
|
| 300 |
|
|
|a xxix, 705 p. :
|b ill. ;
|c 26 cm.
|
| 490 |
|
|
|a The Irwin series in economics
|
| 504 |
|
|
|a Includes bibliographical references (p. 685-690) and index.
|
| 541 |
|
|
|e 234
|
| 650 |
|
0 |
|a Microeconomics.
|9 6312
|
| 700 |
1 |
|
|a Rosen, Harvey S.
|9 10842
|
| 942 |
|
|
|2 ddc
|c BK
|
| 999 |
|
|
|c 34343
|d 34343
|
| 952 |
|
|
|0 0
|1 0
|2 ddc
|4 0
|6 338_500000000000000_KAT
|7 0
|9 53615
|a SCL
|b SCL
|c GEN
|d 2015-04-29
|e Gift: The Asia Foundation
|l 0
|o 338.5 KAT
|p 3020000234
|r 2015-04-29
|t 1
|w 2015-04-29
|y BK
|